ロード中...

Remedial education : Objectives and technics /

書誌詳細
第一著者: MC Creesh, John
フォーマット: Printed Book
言語:English
出版事項: London : Ward Lock Educational, 1974.
LEADER 00392nam a2200109Ia 4500
008 150624b xxu||||| |||| 00| 0 eng d
100 |a MC Creesh, John 
245 |a Remedial education :  |b Objectives and technics /  |c John MC Creesh 
260 |a London :  |b Ward Lock Educational,  |c 1974. 
942 |c BK 
999 |c 10180  |d 10180 
952 |0 0  |1 0  |4 0  |7 0  |9 10179  |a UL  |b UL  |c ST1  |d 1998-11-20  |l 0  |p 16181  |r 2012-10-27  |w 2012-10-27  |y BK